[Event "EU-Cup 22nd"]
[Site "Fuegen"]
[Date "2006.10.10"]
[Round "3.3"]
[White "Bologan, Viktor"]
[Black "Kozul, Zdenko"]
[Result "0-1"]
[WhiteElo "2659"]
[BlackElo "2589"]
[Annotator "Kritz,L"]
[PlyCount "88"]
[EventDate "2006.10.08"]
[EventType "team-swiss"]
[EventRounds "7"]
[EventCountry "AUT"]
[SourceTitle "CBM 115"]
[Source "ChessBase"]
[SourceDate "2006.11.15"]
[SourceVersion "1"]
[SourceVersionDate "2006.11.15"]
[SourceQuality "1"]
[WhiteTeam "Tomsk 400"]
[BlackTeam "Skopje"]
[WhiteTeamCountry "RUS"]
[BlackTeamCountry "MKD"]

1. e4 c5 2. Nf3 d6 3. d4 cxd4 4. Nxd4 Nf6 5. Nc3 Nc6 6. Bg5 e6 7. Qd2 a6 {
Das ist eine der Hauptvarianten im Rauser. Die anderen Spielmöglichkeiten sind:
} (7... Be7 8. O-O-O O-O 9. f4 Nxd4 10. Qxd4 Qa5 {...mit sehr langen und
komplizierten Varianten.}) (7... Qb6 8. O-O-O (8. Nb3 $5 Be7 9. O-O-O O-O 10.
f3 Rd8 11. Nb5 $1 Rd7 (11... a6 $4 12. Be3 $18) 12. Qe1 a6 13. N5d4 $14) 8...
Qxd4 9. Qxd4 Nxd4 10. Rxd4 a6 11. f3 $14 {Kasparow-Mchedlishvili (Bled, 2002)})
8. O-O-O Bd7 ({Eine andere Möglichkeit ist} 8... h6 {wonach Weiß jedoch mittels
} 9. Nxc6 bxc6 10. Bf4 d5 11. Be2 Be7 12. Qe3 $14 {zu guten Spiel kommt.}) 9.
f4 {Dies ist die traditionelle Hauptvariante.} (9. Kb1 $5 {ein seltener, aber
recht interessanter Zug.} h6 (9... b5 $2 10. Bxb5 $1 axb5 11. Ndxb5 Ra5 12. Bh4
Qb8 13. Nxd6+ Bxd6 14. Qxd6 Qxd6 15. Rxd6 $14 {Drei Bauern sind hier stärker
als die Figur, vor allem auch, weil Weiß am Königsflügel keine Schwächen hat
und Schwarz dadurch Problemen mit dem Gegenspiel bekommt.}) (9... Be7 {Führt
wie nach f3 so auch nach f4 in die Hauptvarianten über, wobei der Zug Be7
etwas zu früh gespielt wird.}) 10. Be3 Ng4 $5 (10... Qc7 11. f3 Be7 12. h4 h5
13. Bg5 b5 14. Nxc6 Bxc6 15. Ne2 Rd8 16. Nd4 Bb7 17. Bd3 $132 {Berg-Mascaro
March (Soller, 2006)}) 11. Nxc6 $8 (11. Bf4 $4 Nxd4 (11... e5 12. Nxc6 Bxc6 13.
Bg3 $14) 12. Qxd4 e5 $19) 11... bxc6 12. Bf4 {Man darf den Läufer nicht geben
- dann hat man nämlich gar kein Spiel und steht einfach schlecht.} (12. Be2 $2
Nxe3 13. Qxe3 Be7 14. f4 d5 15. g4 Qa5 $15) 12... e5 {Wieder der einzige
vernünftige Zug. Die Variante verläuft eigentlich forciert.} (12... d5 $2 13.
exd5 cxd5 (13... exd5 14. Na4 Be7 15. f3 Nf6 16. Qe3 O-O 17. Nb6 d4 18. Qxd4 c5
19. Qe5 Qxb6 20. Qxe7 $16) 14. Qe2 Nf6 15. Nxd5 Nxd5 16. Rxd5 Be7 17. Rd1 $16)
(12... Ne5 $2 13. Bxe5 (13. Bg3 $5 Rb8 14. f4 $14) 13... dxe5 14. Na4 Rb8 (
14... c5 15. Nb6 $1 Ra7 16. Nxd7 Qxd7 17. Qxd7+ Rxd7 18. Rxd7 Kxd7 19. Bxa6 $16
) 15. Qc3 Rb4 16. Nc5 Bxc5 17. Qxc5 Rxe4 18. Bxa6 $16) 13. Bg3 Be6 {Man darf
den weißfeldrigen Läufer nicht nach c4 rauskommen lassen.} (13... Rb8 14. Bc4
Qb6 15. b3 $1 (15. Bb3 $5) 15... Be7 16. h3 Nf6 17. f4 Nh5 18. Bh4 (18. Bf2 Qb4
$17) 18... g5 (18... Bxh4 19. Qxd6 Nf6 20. fxe5 Nd5 $3 21. Na4 $3 (21. exd5 Be7
22. dxc6 Bxd6 23. cxd7+ Kd8 24. Rxd6 Qb4 25. Bxf7 Qxc3 26. e6 Ke7 $17) 21...
Qa7 22. e6 fxe6 23. exd5 $16) 19. fxe5 $1 gxh4 20. Rhf1 $1 Rh7 21. exd6 Bg5 22.
Qd3 Nf4 23. Qf3 $44) 14. Be2 {Bevor Weiß anfängt, aktiv zu spielen, muss er
seine Figuren in gute Position bringen.} (14. h3 Nf6 15. f4 $2 Nh5 $15) 14...
Qb6 15. f3 $5 (15. Rhf1 {führte ebenfalls zum guten Spiel für Weiß in Socko -
Hillarp Persson (Kusadasi, 2006)}) 15... Nf6 $8 (15... Ne3 16. Bf2 Rb8 17. b3
Nc4 18. Bxc4 $18) (15... Nf2 16. Na4 $1 (16. Bxf2 Qxf2 17. Bb5 Qb6 $17) 16...
Qa7 17. Bxf2 Qxf2 18. Bb5 Qxd2 19. Bxc6+ Kd8 20. Rxd2 $16) 16. f4 Rb8 17. b3
$14) 9... b5 10. Bxf6 (10. Nxc6 $6 Bxc6 11. e5 (11. Bxf6 Qxf6 $15) 11... dxe5
12. Qxd8+ Rxd8 13. Rxd8+ Kxd8 14. fxe5 h6 15. Bh4 g5 16. exf6 gxh4 $15) 10...
gxf6 (10... Qxf6 11. e5 $1 {deswegen erst auf f6 nehmen und dann auf c6!} dxe5
(11... Qe7 12. Nxc6 Bxc6 13. exd6 $16) 12. Ndxb5 Qd8 13. Nd6+ Bxd6 14. Qxd6 $16
) 11. Nxc6 (11. Kb1 Qb6 12. Nxc6 Bxc6 13. Bd3 $132) 11... Bxc6 12. Qe3 $1 {
Wohl der stärkste Zug - Weiß verhindert, dass die schwarze Dame sich über das
Feld b6 aktivieren kann.} (12. Qe1 $5 {ist auch sehr interessant} b4 (12... Qb6
$2 13. Nd5 $1 Bxd5 14. exd5 e5 15. Bd3 $16) 13. Nd5 a5 14. Kb1 Bg7 15. f5 $36)
12... h5 {wird sehr selten gespielt, Hauptzug ist 12....Qe7} (12... Qe7 13. Bd3
Qa7 $1 {Das ist die Idee - wenn nicht über b6, dann über a7. Damentausch ist
natürlich zugunsten von Schwarz, da der schwarze König wesentlich schwächer
ist, als sein weißer Opponent.} 14. Qe1 (14. Qxa7 Rxa7 15. Rhe1 h5 $132) 14...
O-O-O $1 15. Kb1 Kb8 16. Rf1 Be7 $132) 13. Kb1 Rb8 {Der Nachteil dieses Zuges
ist offensichtlich - Schwarz kann nicht mehr lang rochieren. Deswegen gefällt
mir 13....Qe7 mit Übergang in die ähnlichen Varianten wie nach 12....Qe7.} (
13... Qe7 $5 14. Bd3 Qa7 15. Qe1 O-O-O $13) 14. Bd3 b4 15. Ne2 Qb6 (15... e5 $2
{man darf die weißen Felder nicht schwächen} 16. Bxa6 Qb6 (16... Ra8 17. Bc4
Qa5 18. Rhf1 $16) 17. Qxb6 Rxb6 18. Bd3 $16) 16. Nd4 ({natürlich nicht} 16.
Qxb6 $2 Rxb6 17. f5 Bh6 $15) 16... Bh6 17. Qf2 Bd7 (17... e5 $2 18. fxe5 fxe5
19. Qf6 $18) 18. Rhf1 a5 19. Bc4 {Die weißen Figuren nehmen alle aktive
Positionen ein.} Qc5 20. Qe2 a4 21. b3 $1 {Dem König droht kein Gefahr - womit
sollte Schwarz ihn überhaupt mattsetzen können?! Viel wichtiger ist es, den
Läufer auf dem Punkt c4 festzuhalten.} a3 22. g3 Bg7 23. Nf3 Bc6 24. f5 $14 {
Schwarz hat große Probleme auf allen weißen Feldern.} e5 25. Rd3 Ke7 26. Rfd1
Rbd8 27. Nh4 Rh7 28. Nf3 Bh6 29. Qe1 Rg7 30. c3 bxc3 31. Rxc3 Qb6 32. Bd5 Bxd5
33. Rxd5 Rgg8 34. Ng1 Rc8 35. Ne2 Qb7 36. Qd1 Rxc3 37. Nxc3 Rc8 38. Rd3 Rxc3
39. Rxc3 Qxe4+ 40. Rc2 d5 41. Qf1 d4 42. h3 Bg5 43. g4 h4 44. Qg1 Kf8 0-1

[Event "EU-Cup 22nd"]
[Site "Fuegen"]
[Date "2006.10.12"]
[Round "5.3"]
[White "Sutovsky, Emil"]
[Black "Timofeev, Artyom"]
[Result "1/2-1/2"]
[WhiteElo "2607"]
[BlackElo "2662"]
[Annotator "Kritz,L"]
[PlyCount "44"]
[EventDate "2006.10.08"]
[EventType "team-swiss"]
[EventRounds "7"]
[EventCountry "AUT"]
[SourceTitle "CBM 115"]
[Source "ChessBase"]
[SourceDate "2006.11.15"]
[SourceVersion "1"]
[SourceVersionDate "2006.11.15"]
[SourceQuality "1"]
[WhiteTeam "Ashdod"]
[BlackTeam "Kazan Ladya"]
[WhiteTeamCountry "ISR"]
[BlackTeamCountry "RUS"]

1. e4 c5 2. Nf3 d6 3. d4 cxd4 4. Nxd4 Nf6 5. Nc3 Nc6 6. Bg5 e6 7. Qd2 a6 8.
O-O-O Bd7 9. Nxc6 $6 {Das sofortige Nehmen auf c6 kommt in der Praxis relativ
selten vor. Schwarz bekommt dadurch die Möglichkeit, das eigene Spiel leichter
zu variieren. Welche Vorteile konkret dafür Weiß hat, ist mir nicht so klar.} (
9. f4 {- die Hauptvariante -} b5 10. Bxf6 (10. Nxc6 $6 Bxc6 11. e5 (11. Bxf6
Qxf6 $15) 11... dxe5 12. Qxd8+ Rxd8 13. Rxd8+ Kxd8 14. fxe5 h6 15. Bh4 g5 16.
exf6 gxh4 $15) 10... gxf6 (10... Qxf6 11. e5 $1 {deswegen erst auf f6 nehmen
und dann auf c6!} dxe5 (11... Qe7 12. Nxc6 Bxc6 13. exd6 $16) 12. Ndxb5 Qd8 13.
Nd6+ Bxd6 14. Qxd6 $16) 11. Kb1 Qb6 12. Nxc6 Bxc6 13. Bd3 $132 {Die
entstandene Stellung trägt sehr strategischen Charakter und ist auf lange
Sicht völlig unklar.}) 9... Bxc6 10. Qe1 (10. f4 Be7 (10... h6 11. Bh4 g5 $2
12. fxg5 Nxe4 13. Nxe4 Bxe4 14. Qd4 hxg5 15. Bf2 Bxc2 16. Kxc2 Rg8 17. Kb1 $18)
11. Bd3 h6 12. Bh4 g5 $1 13. fxg5 Ng4 $132) (10. f3 Be7 11. h4 h6 12. Be3 d5
13. e5 Nd7 14. f4 h5 $13 {schwarze Stellung ist ja noch nicht durch b5
geschwächt, also kann er auch lang rochieren}) 10... Qa5 {der beste Zug, der
eigentlich alle Eröffnungsprobleme gleich beseitigt} (10... Be7 $6 11. e5 Nd5
12. Bxe7 Qxe7 13. Ne4 dxe5 14. c4 Nf6 15. Nd6+ $44) 11. f4 (11. Bxf6 {bringt
gar nichts, widerspricht auch der Logik - wenn man dazu nicht gezwungen wird,
dann sollte man mit dem Tausch lieber abwarten} gxf6 12. Bd3 O-O-O 13. f4 h5
14. Qh4 Be7 15. Rhe1 Rdg8 $11 {Ivanchuk - Tukmakov (Moskau, 1990)}) 11... Be7
12. Bh4 Qc7 (12... Rc8 13. Bd3 Qc7 14. Kb1 Nh5 $5 {kam in der Partie Gelfand -
Acs (Polen, 2003) vor, ebenfalls mit zufriedenstellendem Spiel für Schwarz})
13. Bd3 O-O-O $1 {Der sicherste Weg zum Ausgleich.} (13... b5 14. e5 dxe5 15.
fxe5 Ng4 16. Bxe7 Qxe7 17. Qg3 $14) 14. Rf1 (14. e5 $5 {kam in Betracht.} Nd5
15. Bxe7 (15. Ne4 Bxh4 16. Qxh4 dxe5 17. fxe5 Qxe5 $17) 15... Qxe7 16. Ne4 dxe5
(16... Nxf4 17. Nxd6+ Kb8 18. Be4 Bxe4 19. Qxe4 Nd5 20. c4 $14) 17. fxe5 f6 18.
Nd6+ Kb8 $132) 14... Ng4 $1 15. Bxe7 Qxe7 $11 {Strategisch gesehen steht Weiß
nach diesem Tausch nicht besser, die einzige Chance ist es, sofort Dank der
Dynamik einen Vorteil zu erzielen - dies misslingt jedoch, wie man aus dem
Partieverlauf sehen kann.} 16. Qg3 h5 17. h3 Nf6 18. e5 Nd5 19. Nxd5 Bxd5 20.
exd6 Qxd6 21. Qxg7 Qc7 22. Rf2 Rhg8 1/2-1/2

[Event "EU-ch 7th"]
[Site "Kusadasi"]
[Date "2006.04.15"]
[Round "11"]
[White "Socko, Bartosz"]
[Black "Hillarp Persson, Tiger"]
[Result "1-0"]
[WhiteElo "2610"]
[BlackElo "2548"]
[Annotator "Kritz,L"]
[PlyCount "121"]
[EventDate "2006.04.04"]
[EventType "swiss"]
[EventRounds "13"]
[EventCountry "TUR"]
[SourceTitle "CBM 113"]
[Source "ChessBase"]
[SourceDate "2006.07.31"]
[SourceVersion "1"]
[SourceVersionDate "2006.07.31"]
[SourceQuality "1"]

1. e4 c5 2. Nf3 d6 3. d4 cxd4 4. Nxd4 Nf6 5. Nc3 Nc6 6. Bg5 e6 7. Qd2 a6 8.
O-O-O Bd7 9. Kb1 $5 {Dieser Zug ist ein seltener Gast in der heutigen
Turnierpraxis.} (9. f3 Rc8 (9... Be7 10. h4 h6 11. Be3 h5 $1 {Schwarz
betoniert den Königsflügel und sperrt Weiß sein Spiel mit g4. Dafür wird das
Feld g5 geschwächt und Schwarz wird nicht mehr kurz rochieren können.} 12. Bg5
Rc8 13. Kb1 Ne5 14. Bd3 Qc7 15. Rhe1 $132) (9... h6 10. Be3 b5 11. Nxc6 Bxc6
12. Ne2 Qc7 13. Nd4 Bb7 14. g4 e5 15. Nf5 d5 $132) 10. Kb1 Be7 (10... Ne5 $6
11. f4 $1 Nc4 $2 12. Bxc4 Rxc4 13. e5 h6 14. Bh4 g5 15. fxg5 Nh7 16. exd6 $18)
11. Nxc6 $5 Bxc6 (11... Rxc6 12. h4 (12. Ne2 Nxe4 13. fxe4 Bxg5 $19) 12... h5
13. Ne2 b5 14. Nd4 Rc8 15. Bd3 $14) (11... bxc6 $2 12. Bxa6 Rb8 13. Bc4 d5 14.
Bb3 $16) 12. h4 O-O 13. Ne2 b5 14. Nd4 Bb7 15. g4 Qc7 16. Bd3 $14) (9. f4 {
Gilt hier als Hauptzug.} b5 10. Bxf6 (10. Nxc6 $6 Bxc6 11. e5 (11. Bxf6 Qxf6
$15) 11... dxe5 12. Qxd8+ Rxd8 13. Rxd8+ Kxd8 14. fxe5 h6 15. Bh4 g5 16. exf6
gxh4 $15) 10... gxf6 11. Kb1 Qb6 12. Nxc6 Bxc6 13. Bd3 $132 {Diese Stellung
birgt ein großes strategisches Potential und ist auf lange Sicht völlig unklar.
}) 9... h6 (9... b5 $2 10. Bxb5 $1 axb5 11. Ndxb5 Ra5 12. Bh4 Qb8 13. Nxd6+
Bxd6 14. Qxd6 Qxd6 15. Rxd6 $14 {Drei Bauern sind hier stärker als die Figur,
vor allem auch, weil Weiß am Königsflügel keine Schwächen hat und Schwarz
dadurch Probleme mit dem Gegenspiel bekommt.}) (9... Be7 {Führt wie nach f3 so
auch nach f4 in die Hauptvarianten über, wobei der Zug Be7 etwas zu früh
gespielt wird.}) 10. Be3 Ng4 $5 {Der Versuch, die von Weiß gewählte Zugfolge
zu widerlegen.} (10... Qc7 11. f3 Be7 12. h4 h5 13. Bg5 b5 14. Nxc6 Bxc6 15.
Ne2 Rd8 16. Nd4 Bb7 17. Bd3 $132 {Berg - Mascaro March (Soller, 2006)}) 11.
Nxc6 $8 (11. Bf4 $4 Nxd4 (11... e5 12. Nxc6 Bxc6 13. Bg3 $14) 12. Qxd4 e5 $19)
11... bxc6 12. Bf4 {Man darf den Läufer nicht geben, da Weiss die einzige
aktive Figur verliert und einfach schlecht steht.} (12. Be2 $2 Nxe3 13. Qxe3
Be7 14. f4 d5 15. g4 Qa5 $15) 12... e5 {Wieder der einzige vernünftige Zug.
Die Variante verläuft eigentlich forciert.} (12... d5 $2 13. exd5 cxd5 (13...
exd5 14. Na4 Be7 15. f3 Nf6 16. Qe3 O-O 17. Nb6 d4 18. Qxd4 c5 19. Qe5 Qxb6 20.
Qxe7 $16) 14. Qe2 Nf6 15. Nxd5 Nxd5 16. Rxd5 Be7 17. Rd1 $16) (12... Ne5 $2 13.
Bxe5 (13. Bg3 $5 Rb8 14. f4 $14) 13... dxe5 14. Na4 Rb8 (14... c5 15. Nb6 $1
Ra7 16. Nxd7 Qxd7 17. Qxd7+ Rxd7 18. Rxd7 Kxd7 19. Bxa6 $16) 15. Qc3 Rb4 16.
Nc5 Bxc5 17. Qxc5 Rxe4 18. Bxa6 $16) 13. Bg3 Be6 {Man darf den weißfeldrigen
Läufer von Weiß nicht nach c4 kommen lassen.} (13... Rb8 14. Bc4 Qb6 15. b3 $1
(15. Bb3 $5) 15... Be7 16. h3 Nf6 17. f4 Nh5 18. Bh4 (18. Bf2 Qb4 $17) 18... g5
(18... Bxh4 19. Qxd6 Nf6 20. fxe5 Nd5 $3 21. Na4 $3 (21. exd5 Be7 22. dxc6 Bxd6
23. cxd7+ Kd8 24. Rxd6 Qb4 25. Bxf7 Qxc3 26. e6 Ke7 $17) 21... Qa7 22. e6 fxe6
23. exd5 $16) 19. fxe5 $1 gxh4 20. Rhf1 $1 Rh7 21. exd6 Bg5 22. Qd3 Nf4 23. Qf3
$44) 14. Be2 {Bevor Weiß beginnt aktiv zu spielen, muss er seine Figuren in
Position bringen.} (14. h3 Nf6 15. f4 $2 Nh5 $15) 14... Qb6 15. Rhf1 {Es droht
nun sehr unangenehm 16.h3 und dann f4.} (15. f3 $5 Nf6 $8 (15... Ne3 16. Bf2
Rb8 17. b3 Nc4 18. Bxc4 $18) (15... Nf2 16. Na4 $1 (16. Bxf2 Qxf2 17. Bb5 Qb6
$17) 16... Qa7 17. Bxf2 Qxf2 18. Bb5 Qxd2 19. Bxc6+ Kd8 20. Rxd2 $16) 16. f4
Rb8 17. b3 $14) 15... g5 $5 {Schwarz schwächt zwar den Königsflügel, aber das
von Weiß geplante f4 kommt jetzt nicht mehr zustande.} 16. h4 Rg8 (16... Be7
17. Na4 $1 Qa7 18. hxg5 hxg5 19. Rh1 $14 Rxh1 20. Rxh1 Nxf2 $2 21. Rh8+ Bf8 (
21... Kd7 22. Rxa8 Qxa8 23. Nb6+ $18) 22. Qxd6 $18) 17. hxg5 hxg5 18. Na4 $1 {
Die schwarze Dame steht am besten auf b6, da sie zugleich b2 und f2 angreift.
Also muss sie vertrieben werden.} Qc7 (18... Qa7 19. Bxg4 Bxg4 20. f3 Be6 21.
Bf2 Qc7 22. Nb6 Rb8 23. Qa5 $16) 19. f3 Nf6 20. Bf2 {Weiß kann seine Figuren
geschickt umgruppieren und gegen die Schwächen b6 und g5 im schwarzen Lager
gut spielen.} Nd7 {Sonst kommt der Springer nach b6, was sehr unangenehm sein
wird.} 21. c4 (21. Be3 $5 {Käme ernsthaft in Betracht.} d5 22. Bxg5 f6 23. Bh4
Rxg2 24. exd5 Bxd5 (24... cxd5 25. f4 $16) 25. f4 $1 $16) 21... Nc5 $2 {
Strategische Partieaufgabe. Aufmerksamkeit verdient hingegen 21....c5} (21...
c5 $5 22. Nc3 Nb8 $1 23. Nd5 Qd8 $13 {Ich sehe nicht, wie Weiß sofort gewinnen
kann. Und wenn der Springer nach d4 kommt, dann wird schwarze Stellung zwar
noch schlechter, aber trotzdem sehr schwer zu knacken sein.}) 22. Nxc5 dxc5 23.
Be3 $16 {Nicht Weiß steht besonders gut, vielmehr wird die Schwäche c5 wohl
auf Dauer kaum zu verteidigen sein.} Be7 24. g3 Rd8 25. Qc1 a5 26. Rh1 a4 27.
Qc3 Rd4 28. Bxd4 cxd4 29. Qc2 Qa5 30. c5 Kd7 31. f4 gxf4 32. gxf4 a3 33. b3
exf4 34. Rxd4+ Kc7 35. Rc1 Rg2 36. b4 Qa8 37. Rd2 Rg5 38. Bc4 Bc8 39. Qc3 Qb8
40. Bb3 f6 41. Rf1 Kb7 42. Bc4 Qe5 43. Qxa3 Kb8 44. Qf3 f5 45. Qxf4 fxe4 46.
Re2 Qxf4 47. Rxf4 Bf5 48. Kc2 Kc7 49. Kb3 Rg3+ 50. Ka4 Bg6 51. Bf7 Bh7 52. Be6
Bg6 53. Rg4 Rxg4 54. Bxg4 Bg5 55. Rg2 Bf6 56. Bd1 Be8 57. Rf2 Bg5 58. Rf5 Bd2
59. Re5 Bg6 60. Re7+ Kd8 61. Re6 1-0

[Event "Hoogovens op"]
[Site "Wijk aan Zee"]
[Date "1995.01.??"]
[Round "8"]
[White "Leko, Peter"]
[Black "Van der Wiel, John"]
[Result "1-0"]
[WhiteElo "2555"]
[BlackElo "2570"]
[Annotator "Leko,P"]
[PlyCount "133"]
[EventDate "1995.01.??"]
[EventType "swiss"]
[EventRounds "12"]
[EventCountry "NED"]
[SourceTitle "CBM 046"]
[Source "ChessBase"]
[SourceDate "1995.06.01"]
[SourceVersion "1"]
[SourceVersionDate "1995.06.01"]
[SourceQuality "1"]

1. e4 {Ernst Almasi} c5 2. Nf3 d6 3. d4 cxd4 4. Nxd4 Nf6 5. Nc3 Nc6 6. Bg5 e6
7. Qd2 a6 8. O-O-O Bd7 9. f4 h6 10. Bh4 g5 11. fxg5 Ng4 12. Nxc6 Bxc6 13. Be2
Ne5 14. g3 Ng6 15. Rdf1 $5 {N} (15. Kb1 {Ernst}) (15. Rhf1 {Ernst} h5 $44 {
Jansa,V-Rodriguez,A/Biel/1985}) 15... Be7 (15... h5 $2 16. Rf2 $1 (16. Qd1 {
Ernst}) 16... Bg7 17. Rhf1 $18) (15... Nxh4 16. gxh4 Be7 17. Rhg1 $1 hxg5 18.
hxg5 Rxh2 19. g6 $16) 16. gxh6 Nxh4 (16... Bxh4 $6 17. gxh4 Qxh4 18. Qxd6 $16)
17. gxh4 Bf8 $1 (17... Bxh4 18. Rhg1 $16) 18. Qd4 Rxh6 19. h5 Qg5+ 20. Kb1 Qc5
(20... Qe5 $6 21. Qb6 $1 Qc5 22. Qc7 Be7 23. Rhg1 $16) 21. Qd3 (21. Qd2 $5)
21... b5 $1 (21... Bg7 22. Rhg1 Qe5 23. h4 $140 $1 {Rg5}) 22. a3 $6 (22. Bf3 $1
{Almasi,Z} b4 (22... Bg7 $5 23. Rhg1 Qe5 24. Rxg7 Qxg7 25. Qxd6 $36) 23. Ne2
Bg7 24. Rhg1 Qe5 (24... Kf8 25. Qd2 $1 $16) 25. Rxg7 $1 Qxg7 26. Qxd6 $16)
22... Bg7 $5 (22... b4 23. axb4 Qxb4 24. Rhg1 Rb8 25. b3 a5 26. Rg8 a4 27. Nd5
$1 Bxd5 (27... exd5 28. exd5 axb3 29. Qe3+ Re6 30. Qxe6+ $3 fxe6 31. Rgxf8+ Kd7
32. R1f7#) 28. exd5 axb3 29. cxb3 Qxb3+ 30. Qxb3 Rxb3+ 31. Kc2 $10) 23. Rhg1 $6
(23. Qg3 Qe5 24. Rhg1 Qxg3 25. hxg3 Bxc3 26. bxc3 Bxe4 27. g4 $10) 23... Be5 $1
$15 (23... Bxc3 $2 24. bxc3 Qe5 25. Bf3 $16) 24. Rg5 Ke7 25. Qd2 Rah8 26. Qe1
$5 Qe3 $6 {*} (26... Qd4 $1 $17) (26... Qd4 $142 $5 {Ernst}) 27. Rxe5 $1 $8
dxe5 28. Rf3 Qc5 (28... Qg5 $2 {Ernst} 29. Qf2 $18) 29. Qh4+ f6 (29... Ke8 30.
Rd3 Qe7 31. Qf2 $13) 30. Qg4 Be8 $6 (30... R8h7 31. Qg8 Be8 (31... Rxh5 32. Rg3
$36) 32. Rg3 Bf7 33. Qb8 $44) 31. Qg7+ Bf7 32. Rxf6 $1 Rxf6 33. Qxh8 Qg1+ 34.
Ka2 Qg8 (34... Qxh2 {Ernst} 35. Qb8 $40) 35. Qxg8 Bxg8 36. Kb3 $1 Kd6 $8 37.
Kb4 Kc6 38. Ka5 Kb7 39. a4 bxa4 40. Bxa6+ Kc7 41. Nxa4 Rf2 42. Bd3 Bf7 $1 (
42... Rxh2 43. b4 Rxh5 44. b5 $18) 43. h6 (43. b4 Bxh5 44. b5 Be2 $1 $10) 43...
Rxh2 44. b4 Rxh6 45. b5 Rh1 46. b6+ Kb8 47. Bb5 Ra1 $2 (47... Bg6 $1 48. Bc6
Rc1 $1 49. Nc5 Ra1+ 50. Kb4 Rb1+ 51. Nb3 Re1 52. Nc5 Rb1+ $10) 48. c4 Bg6 49.
Bc6 Bh5 50. Kb4 Be2 51. Nc3 Bd3 52. Nb5 $1 Rc1 53. Nd6 Bb1 (53... Rb1+ 54. Kc5
Rc1 55. Bd7 $16) 54. Nf7 $1 $18 Rd1 55. Nxe5 Kc8 56. Kc5 Bc2 57. Nf3 Bb1 58.
Nd4 Re1 59. Nb5 Bd3 60. Kd4 Bf1 61. Nd6+ Kb8 62. Ke5 Rc1 63. Bb5 Bh3 64. Bd7
Rb1 65. c5 Rc1 66. c6 Bg2 67. Kf6 {Leko,P} 1-0

[Event "CRO-ch 12th"]
[Site "Opatija"]
[Date "2012.01.22"]
[Round "6"]
[White "Brkic, Ante"]
[Black "Kozul, Zdenko"]
[Result "0-1"]
[WhiteElo "2578"]
[BlackElo "2601"]
[Annotator "Let's Check"]
[PlyCount "82"]
[EventDate "2012.01.17"]
[EventType "tourn"]
[EventRounds "11"]
[EventCountry "CRO"]
[EventCategory "13"]
[SourceTitle "CBM 147"]
[Source "ChessBase"]
[SourceDate "2012.03.16"]
[SourceVersion "1"]
[SourceVersionDate "2012.03.16"]
[SourceQuality "1"]

1. e4 c5 2. Nf3 d6 3. d4 cxd4 4. Nxd4 Nf6 5. Nc3 Nc6 6. Bg5 e6 7. Qd2 a6 8.
O-O-O Bd7 9. f4 b5 10. Bxf6 gxf6 11. Kb1 Rc8 12. Nce2 h5 13. h4 Rg8 14. Rh3 Rg4
15. g3 Qb6 16. Bg2 Rg8 17. Bf3 Nxd4 18. Nxd4 Rc4 19. f5 e5 20. Nb3 Bc6 21. Qe2
Ra4 22. Qe1 Ke7 23. Rh2 Bh6 24. Re2 Rd8 25. Rd3 a5 26. Rd1 Ra8 27. Bxh5 Rc4 28.
g4 a4 29. g5 axb3 30. cxb3 Rd4 31. gxh6 b4 32. h7 Bb5 $2 (32... Qa7 33. Rxd4
Qxd4 $11) 33. Rg2 $2 (33. Rc2 Rxd1+ 34. Qxd1 $18) 33... Rxd1+ $2 (33... Qa6 34.
a3 bxa3 $11) 34. Qxd1 $6 (34. Bxd1 $18) 34... Qe3 $16 35. Rd2 $6 (35. Ka1 Bd3
36. a4 $16) 35... Qa7 $11 36. a4 bxa3 37. Qc1 $2 (37. Rc2 axb2 38. Kxb2 $15)
37... axb2 $19 38. Qxb2 Bc6 39. Bf3 $2 (39. Re2 Qg1+ 40. Kc2) 39... Qe3 $2 (
39... Qg1+ 40. Kc2 Rc8 $19) 40. Qc2 $4 (40. Rc2 Bxe4 41. Bxe4 $15) 40... Qxf3
$19 41. h8=Q Bxe4 0-1